[Event "Xtracon Chess Open 2016"]
[Site "Elsinore"]
[Date "2016.07.28"]
[Round "7.186"]
[White "Wadtland, Flemming"]
[Black "Jacobsen, Stig Jerlow"]
[Result "1-0"]
[WhiteElo "1504"]
[BlackElo "1322"]
[PlyCount "81"]
[EventDate "2016.07.23"]

1. Nf3 Nf6 2. c4 d5 3. cxd5 Nxd5 4. Nc3 c6 5. g3 g6 6. Bg2 Bg7 7. d4 Bg4 8. O-O
Qd7 9. Ne5 Nxc3 10. Nxd7 Nxe2+ 11. Qxe2 Bxe2 12. Re1 Nxd7 13. Rxe2 Bxd4 14. Bg5
e6 15. Rd1 Bg7 16. Red2 f6 17. Rxd7 O-O 18. Be3 Rab8 19. Bxa7 Ra8 20. Rxb7 Rfd8
21. Rxd8+ Rxd8 22. Bxc6 f5 23. Rb8 Rxb8 24. Bxb8 Bxb2 25. a4 Bd4 26. a5 Kf7 27.
a6 Ke7 28. Kg2 Kd8 29. a7 Bxa7 30. Bxa7 Kc7 31. Ba4 Kd6 32. f4 Ke7 33. Bd4 Kf7
34. h4 h5 35. Bb3 Ke7 36. Be5 Kd7 37. Bf6 Kd6 38. Ba4 e5 39. fxe5+ Ke6 40. Bb3+
Kd7 41. Bf7 1-0

[Event "Xtracon Chess Open 2016"]
[Site "Elsinore"]
[Date "2016.07.28"]
[Round "7.187"]
[White "Jensen, Jonbert"]
[Black "Hestholm, Freddy"]
[Result "1-0"]
[WhiteElo "1492"]
[BlackElo "1281"]
[PlyCount "47"]
[EventDate "2016.07.23"]

1. e4 d5 2. exd5 Nf6 3. Nc3 Nxd5 4. Nxd5 Qxd5 5. Qf3 e6 6. Qxd5 exd5 7. d4 Nc6
8. c3 g6 9. Bf4 Bg7 10. Bd3 O-O 11. O-O-O Nxd4 12. cxd4 Be6 13. Bc2 Rac8 14.
Ne2 c5 15. dxc5 Rxc5 16. Bd6 Rxc2+ 17. Kxc2 Rc8+ 18. Kb1 Bf5+ 19. Ka1 Rc2 20.
Nd4 Rxf2 21. Nxf5 Bxb2+ 22. Kb1 gxf5 23. Rhf1 Rxg2 24. Rg1 1-0

[Event "Xtracon Chess Open 2016"]
[Site "Elsinore"]
[Date "2016.07.28"]
[Round "7.188"]
[White "Palozza, Flavio"]
[Black "Amarapala, Anton"]
[Result "1-0"]
[WhiteElo "1342"]
[BlackElo "1487"]
[PlyCount "117"]
[EventDate "2016.07.23"]

1. e4 e5 2. Nf3 d6 3. Bc4 Bg4 4. h3 Bh5 5. c3 Nf6 6. d3 Be7 7. Bg5 O-O 8. Nbd2
Nc6 9. O-O a6 10. Re1 Re8 11. a3 h6 12. Bxf6 Bxf6 13. Nf1 Bh4 14. Ne3 Bxf3 15.
Qxf3 Ne7 16. Bxf7+ Kh8 17. Bxe8 Qxe8 18. d4 Qg6 19. Ng4 Nc6 20. dxe5 dxe5 21.
Rad1 Qe6 22. Rd5 Bf6 23. Nxf6 gxf6 24. Qh5 Kh7 25. Qf5+ Qxf5 26. exf5 Kg8 27.
Rd7 Rc8 28. Red1 b5 29. a4 b4 30. R1d3 bxc3 31. Rxc3 Nd4 32. Rcxc7 Rxc7 33.
Rxc7 Nxf5 34. Rc6 Kf7 35. Rxa6 Nd4 36. Kf1 Kg6 37. h4 Kf5 38. g3 Nb3 39. a5 Nc5
40. Rc6 Nd7 41. a6 Nb8 42. Rb6 Nd7 43. Rb7 Nc5 44. a7 Nxb7 45. a8=Q Nd6 46.
Qf3+ Kg6 47. h5+ Kg5 48. Qc6 Nf5 49. f4+ exf4 50. gxf4+ Kxh5 51. Qxf6 Ng3+ 52.
Ke1 Nh1 53. Qf5+ Kh4 54. Qg6 Ng3 55. Qxh6+ Kg4 56. Qg5+ Kf3 57. Qxg3+ Ke4 58.
Qf2 Kf5 59. b4 1-0

[Event "Xtracon Chess Open 2016"]
[Site "Elsinore"]
[Date "2016.07.28"]
[Round "7.189"]
[White "Cithu, Arjun Vijay"]
[Black "Jensen, Hans Askov"]
[Result "0-1"]
[WhiteElo "1330"]
[BlackElo "1469"]
[PlyCount "60"]
[EventDate "2016.07.23"]

1. e4 e5 2. Nf3 Nc6 3. d4 exd4 4. c3 dxc3 5. Nxc3 Bb4 6. Bd2 d6 7. Bb5 Bd7 8.
a3 Bc5 9. b4 Bb6 10. Nd5 Nf6 11. Bg5 Bxf2+ 12. Kf1 a6 13. Bxf6 gxf6 14. Bxc6
bxc6 15. Kxf2 cxd5 16. exd5 O-O 17. Qd2 Kh8 18. Rac1 Rg8 19. Qc3 Rc8 20. Rhe1
c6 21. Qd3 Qb6+ 22. Kf1 cxd5 23. Qxd5 Bb5+ 24. Re2 Rxc1+ 25. Ne1 Bxe2+ 26. Kxe2
Qb5+ 27. Qd3 Rxe1+ 28. Kd2 Rd1+ 29. Kc2 Qxd3+ 30. Kb2 Rxg2# 0-1

[Event "Xtracon Chess Open 2016"]
[Site "Elsinore"]
[Date "2016.07.28"]
[Round "7.190"]
[White "Edwardsson, Hannu Kalervo"]
[Black "Kreken, Eivind Grunt"]
[Result "1/2-1/2"]
[WhiteElo "1451"]
[BlackElo "1245"]
[PlyCount "76"]
[EventDate "2016.07.23"]

1. e4 c5 2. c4 Nc6 3. Nf3 Nf6 4. d3 g6 5. Be2 Bg7 6. O-O d6 7. Nc3 e6 8. Rb1 a6
9. Bd2 Rb8 10. a3 b5 11. cxb5 axb5 12. Qc1 Qb6 13. h3 Nd7 14. Bf4 e5 15. Bh6
O-O 16. Bxg7 Kxg7 17. Nd5 Qd8 18. Nh2 Nd4 19. Qd1 f5 20. Nf3 Nf6 21. Nxf6 Qxf6
22. Nxd4 exd4 23. f3 Qg5 24. f4 Qe7 25. Bf3 fxe4 26. Bxe4 d5 27. Bxd5 Qe3+ 28.
Kh1 Rxf4 29. Rxf4 Qxf4 30. Qf3 Qxf3 31. Bxf3 Bf5 32. Rd1 Re8 33. Kg1 Re3 34.
Rc1 Re5 35. Be4 Be6 36. Kf2 c4 37. Ke2 cxd3+ 38. Kxd3 Bc4+ 1/2-1/2

[Event "Xtracon Chess Open 2016"]
[Site "Elsinore"]
[Date "2016.07.28"]
[Round "7.191"]
[White "Schjolin, John"]
[Black "Hein, Jacob"]
[Result "0-1"]
[WhiteElo "1201"]
[BlackElo "1447"]
[PlyCount "50"]
[EventDate "2016.07.23"]

1. e4 Nc6 2. Nf3 e5 3. Bc4 Na5 4. d3 Nxc4 5. dxc4 c6 6. Nc3 d6 7. O-O h6 8. a3
Nf6 9. h3 Be6 10. b3 Be7 11. Re1 Qc7 12. Bb2 O-O-O 13. Re2 Nh5 14. Kh2 Nf4 15.
Rd2 g5 16. g3 Nxh3 17. Ne2 Nxf2 18. Qf1 Ng4+ 19. Kh1 h5 20. Rd3 Qb6 21. Nfd4 h4
22. Kg2 hxg3 23. Kxg3 Rh4 24. Qf3 Rdh8 25. Rg1 Rh3+ 0-1

[Event "Xtracon Chess Open 2016"]
[Site "Elsinore"]
[Date "2016.07.28"]
[Round "7.192"]
[White "Hestholm, Gustav"]
[Black "Frederiksen, Jacob"]
[Result "1-0"]
[WhiteElo "1055"]
[BlackElo "1382"]
[PlyCount "55"]
[EventDate "2016.07.23"]

1. e4 c5 2. c3 Nf6 3. e5 Nd5 4. d4 cxd4 5. Nf3 Nc6 6. cxd4 d6 7. exd6 exd6 8.
Bc4 Be6 9. O-O Be7 10. Qb3 Nc7 11. d5 Na5 12. Qa4+ b5 13. Bxb5+ Nxb5 14. Qxb5+
Bd7 15. Qe2 O-O 16. Bd2 Nb7 17. Re1 Bf6 18. Bc3 Bxc3 19. Nxc3 Nc5 20. Qe7 Qb6
21. Rab1 f6 22. Qe3 Rae8 23. Qd2 Bf5 24. Rxe8 Rxe8 25. Re1 Rb8 26. b3 Rc8 27.
Nd4 Nd3 28. Nxf5 1-0

[Event "Xtracon Chess Open 2016"]
[Site "Elsinore"]
[Date "2016.07.28"]
[Round "7.193"]
[White "Thybo, Jan"]
[Black "Huse, Arne Kjelsbol"]
[Result "0-1"]
[WhiteElo "1382"]
[BlackElo "1163"]
[PlyCount "72"]
[EventDate "2016.07.23"]

1. e4 e5 2. f4 exf4 3. Nf3 Nf6 4. Nc3 d5 5. e5 Nfd7 6. d4 Nb6 7. Bxf4 Bf5 8.
Be2 Be7 9. O-O O-O 10. Qd2 N8d7 11. Bg5 f6 12. exf6 Bxf6 13. Bf4 c6 14. Ne5 Re8
15. Nxd7 Qxd7 16. Rf2 Bg6 17. Raf1 Qd8 18. Bd3 Bxd4 19. Bxg6 Bxf2+ 20. Qxf2
hxg6 21. Qg3 Qf6 22. Be5 Qxe5 23. Qxg6 Re6 24. Qf7+ Kh8 25. Qxb7 Rh6 26. h3 Rg6
27. Qf7 Rf6 28. Rxf6 Qxf6 29. Qh5+ Qh6 30. Qe5 Rf8 31. Qe7 Qc1+ 32. Kh2 Qf4+
33. Kh1 Nc4 34. Qxa7 Ne3 35. Ne2 Qf1+ 36. Ng1 Qxg2# 0-1

[Event "Xtracon Chess Open 2016"]
[Site "Elsinore"]
[Date "2016.07.28"]
[Round "7.194"]
[White "Mansoor, Areeb"]
[Black "Hina, Ariza"]
[Result "0-1"]
[WhiteElo "1020"]
[BlackElo "1370"]
[PlyCount "48"]
[EventDate "2016.07.23"]

1. e4 e5 2. Nf3 Nc6 3. Nc3 Nf6 4. Bc4 Bc5 5. d3 d6 6. Bg5 h6 7. Bh4 Bg4 8. Nd5
Nd4 9. h3 Nxf3+ 10. gxf3 Bh5 11. Qe2 g5 12. Bg3 Nxd5 13. Bxd5 c6 14. Bb3 Qf6
15. O-O-O Bxf3 16. Qd2 Bxd1 17. Rxd1 h5 18. Qa5 Bb6 19. Qa4 h4 20. Bh2 Qxf2 21.
Bg1 Qf4+ 22. Kb1 Bxg1 23. Rxg1 Qf2 24. Rxg5 Qe1# 0-1

[Event "Xtracon Chess Open 2016"]
[Site "Elsinore"]
[Date "2016.07.28"]
[Round "7.196"]
[White "Christoffersen, Micki Aron"]
[Black "Jacobsen, Harald Kittel Lytom"]
[Result "0-1"]
[WhiteElo "1263"]
[BlackElo "1343"]
[PlyCount "124"]
[EventDate "2016.07.23"]

1. e4 e5 2. Nf3 Nc6 3. d4 exd4 4. Nxd4 Nxd4 5. Qxd4 Qf6 6. Qxf6 Nxf6 7. Nc3 Bc5
8. Be3 Bb4 9. Bd2 Bxc3 10. Bxc3 Nxe4 11. Bxg7 Rg8 12. Bd4 d6 13. Bd3 Bf5 14. f3
d5 15. fxe4 dxe4 16. Bc4 Rxg2 17. O-O-O e3 18. Bd3 e2 19. Rde1 Bxd3 20. cxd3
O-O-O 21. Bxa7 Rxd3 22. Bc5 Rd5 23. Bb4 Rd4 24. Bc3 Rdg4 25. Kd2 Re4 26. Kd3
Re8 27. Bf6 Rf2 28. Bh4 Rf3+ 29. Kd2 Rfe3 30. Bf2 R3e4 31. Rhg1 Rd8+ 32. Kc2
Rc4+ 33. Kb1 Rd2 34. Be3 Rdc2 35. Rc1 Rxc1+ 36. Bxc1 f5 37. b3 Rh4 38. Re1 Rxh2
39. Bf4 Rg2 40. Kc2 Rf2 41. Be3 Rf1 42. Rxe2 f4 43. Kd3 fxe3 44. Rxe3 h5 45.
Rh3 Rf2 46. Rxh5 Rxa2 47. Rh8+ Kd7 48. Rh7+ Kc6 49. Rh6+ Kb5 50. Kc3 c5 51. Rh5
Ra1 52. b4 Rc1+ 53. Kb2 Rc4 54. bxc5 Rxc5 55. Rxc5+ Kxc5 56. Kb3 b6 57. Kb2 Kc4
58. Kc2 b5 59. Kb2 b4 60. Kc2 b3+ 61. Kb2 Kb4 62. Kc1 Ka3 0-1

[Event "Xtracon Chess Open 2016"]
[Site "Elsinore"]
[Date "2016.07.29"]
[Round "8.1"]
[White "Amin, Bassem"]
[Black "Dreev, Aleksey"]
[Result "1/2-1/2"]
[WhiteElo "2654"]
[BlackElo "2664"]
[PlyCount "33"]
[EventDate "2016.07.23"]

1. e4 c6 2. d4 d5 3. exd5 cxd5 4. c4 Nf6 5. Nc3 Nc6 6. Bg5 Be6 7. a3 Qd7 8. Be2
Rd8 9. Bxf6 exf6 10. c5 g6 11. b4 a6 12. b5 axb5 13. Nxb5 Be7 14. Nf3 O-O 15.
O-O Ra8 16. Rb1 Rfe8 17. Qd2 1/2-1/2

[Event "Xtracon Chess Open 2016"]
[Site "Elsinore"]
[Date "2016.07.29"]
[Round "8.2"]
[White "Degraeve, Jean-Marc"]
[Black "Naroditsky, Daniel"]
[Result "1/2-1/2"]
[WhiteElo "2579"]
[BlackElo "2634"]
[PlyCount "77"]
[EventDate "2016.07.23"]

1. e4 e6 2. d4 d5 3. Nd2 Be7 4. Ngf3 Nf6 5. e5 Nfd7 6. Bd3 c5 7. c3 b6 8. Qe2
a5 9. O-O Ba6 10. Ne1 Qc8 11. Qg4 g6 12. Ndf3 h5 13. Qg3 cxd4 14. cxd4 Bxd3 15.
Nxd3 Qc2 16. Ng5 Nc6 17. Nxe6 h4 18. Qg4 Qxd3 19. Rd1 Qxd1+ 20. Qxd1 fxe6 21.
Qc2 Ndb8 22. Qxg6+ Kd7 23. Be3 Na6 24. a3 a4 25. Qd3 Nc7 26. f4 Rhf8 27. Rf1
Na5 28. f5 exf5 29. Rxf5 Nc4 30. Bg5 Bxg5 31. Rxg5 Rae8 32. Rg7+ Re7 33. Qh3+
Ne6 34. Rxe7+ Kxe7 35. Qxh4+ Ke8 36. Qh6 Ke7 37. Qh4+ Ke8 38. Qh6 Ke7 39. Qh4+
1/2-1/2

[Event "Xtracon Chess Open 2016"]
[Site "Elsinore"]
[Date "2016.07.29"]
[Round "8.5"]
[White "Zuniga, Julio E Granda"]
[Black "Schroeder, Jan-Christian"]
[Result "1/2-1/2"]
[WhiteElo "2699"]
[BlackElo "2507"]
[PlyCount "128"]
[EventDate "2016.07.23"]

1. e4 e5 2. Nf3 Nc6 3. Bb5 a6 4. Ba4 Nf6 5. O-O Be7 6. Re1 b5 7. Bb3 d6 8. c3
O-O 9. h3 Nb8 10. d4 Nbd7 11. Nbd2 c5 12. Nf1 Re8 13. Bc2 Bf8 14. Ng3 cxd4 15.
cxd4 exd4 16. Nxd4 d5 17. exd5 Rxe1+ 18. Qxe1 Bb7 19. Ngf5 Bxd5 20. Qe3 Qe8 21.
a4 bxa4 22. Bxa4 Qxe3 23. Nxe3 Be4 24. Bd2 Nc5 25. Bd1 Nd3 26. Bc3 Rb8 27. Bc2
Nb4 28. Bb3 Bc5 29. Bc4 h6 30. Ndf5 Rb6 31. Ra5 Bf8 32. b3 Bb7 33. Re5 Nc6 34.
Nxh6+ Kh7 35. Rf5 Ne7 36. Rxf6 gxf6 37. Nxf7 Bc8 38. Ba5 Rc6 39. Nd8 Rd6 40.
Bc7 Rd2 41. Ba5 Rd6 42. Bc7 Rd2 43. Ne6 Bh6 44. Ng4 Bg7 45. Nxg7 Kxg7 46. Ba5
Rd1+ 47. Kh2 Nd5 48. f3 Bb7 49. Kg3 Kg6 50. b4 Rd4 51. Bxd5 Rxd5 52. h4 Bc8 53.
Nf2 Bf5 54. Kh2 Rd4 55. g4 Bc2 56. Kg3 Kf7 57. h5 Rc4 58. f4 Rc3+ 59. Kg2 Rb3
60. g5 Bf5 61. Kf1 Rb2 62. Ke1 Kg8 63. Nd1 Rb1 64. Kd2 Rxd1+ 1/2-1/2

[Event "Xtracon Chess Open 2016"]
[Site "Elsinore"]
[Date "2016.07.29"]
[Round "8.7"]
[White "Leenhouts, Koen"]
[Black "Hammer, Jon Ludvig"]
[Result "0-1"]
[WhiteElo "2491"]
[BlackElo "2652"]
[PlyCount "80"]
[EventDate "2016.07.23"]

1. d4 Nf6 2. c4 e6 3. g3 d5 4. Nf3 Be7 5. Bg2 O-O 6. O-O dxc4 7. Qc2 a6 8. a4
Bd7 9. Qxc4 Bc6 10. Bf4 Bd6 11. Qc1 a5 12. Nc3 Na6 13. Bg5 h6 14. Bxf6 Qxf6 15.
e4 e5 16. Nxe5 Bxe5 17. Nd5 Bxd5 18. dxe5 Qxe5 19. exd5 Qd6 20. Re1 Rfe8 21.
Qc4 Nc5 22. Qb5 Kf8 23. h4 b6 24. Rac1 Rad8 25. b4 axb4 26. Qxb4 Rxe1+ 27. Rxe1
Ra8 28. Qb1 Nd7 29. Rc1 Rxa4 30. Qh7 Nf6 31. Qh8+ Ng8 32. Rc6 Qd8 33. Qh7 Ra1+
34. Kh2 Ra2 35. Qb1 Rxf2 36. d6 Qa8 37. Qe4 cxd6 38. Kg1 Rd2 39. Rxb6 Qxe4 40.
Bxe4 Nf6 0-1

[Event "Xtracon Chess Open 2016"]
[Site "Elsinore"]
[Date "2016.07.29"]
[Round "8.8"]
[White "Vovk, Andriy"]
[Black "Zoler, Dan"]
[Result "1-0"]
[WhiteElo "2637"]
[BlackElo "2484"]
[PlyCount "75"]
[EventDate "2016.07.23"]

1. e4 c5 2. Nf3 d6 3. d4 cxd4 4. Nxd4 Nf6 5. Nc3 a6 6. h3 e6 7. g4 h6 8. Bg2
Be7 9. Be3 Nc6 10. Qe2 Nxd4 11. Bxd4 e5 12. Be3 Be6 13. O-O-O Qa5 14. Kb1 Rc8
15. Nd5 Nxd5 16. exd5 Bd7 17. f4 Bb5 18. Qf2 Qc7 19. Be4 exf4 20. Bd4 O-O 21.
h4 Rfe8 22. Qxf4 Bf8 23. Qf5 Rxe4 24. Qxe4 Re8 25. Qf4 Re2 26. Bc3 Qe7 27. g5
h5 28. Rde1 Qd7 29. Bb4 Rg2 30. Rhg1 Rxg1 31. Rxg1 Be2 32. b3 Qb5 33. Re1 Qxd5
34. a4 Bg4 35. Re8 Bf5 36. Kb2 Qc6 37. Rxf8+ Kxf8 38. Qxf5 1-0

[Event "Xtracon Chess Open 2016"]
[Site "Elsinore"]
[Date "2016.07.29"]
[Round "8.9"]
[White "Ringoir, Tanguy"]
[Black "Maze, Sebastien"]
[Result "1/2-1/2"]
[WhiteElo "2474"]
[BlackElo "2628"]
[PlyCount "61"]
[EventDate "2016.07.23"]

1. d4 Nf6 2. c4 g6 3. Nc3 Bg7 4. e4 d6 5. Nf3 O-O 6. Be2 Nbd7 7. O-O e5 8. Be3
Qe7 9. dxe5 dxe5 10. Nd5 Qd8 11. Qc2 Ng4 12. Bg5 f6 13. Bd2 c6 14. Nc3 Qe7 15.
Rad1 Nc5 16. Qc1 f5 17. exf5 gxf5 18. Bg5 Qf7 19. h3 e4 20. hxg4 exf3 21. Bxf3
fxg4 22. Be2 Bf5 23. Be3 Ne6 24. Bd3 Bxd3 25. Rxd3 Nf4 26. Bxf4 Qxc4 27. Rd7
Rxf4 28. b3 Qb4 29. Rxb7 Qxb7 30. Qxf4 Qd7 31. Qc4+ 1/2-1/2

[Event "Xtracon Chess Open 2016"]
[Site "Elsinore"]
[Date "2016.07.29"]
[Round "8.10"]
[White "Agdestein, Simen"]
[Black "Zude, Erik"]
[Result "1/2-1/2"]
[WhiteElo "2603"]
[BlackElo "2403"]
[PlyCount "120"]
[EventDate "2016.07.23"]

1. d4 Nf6 2. Nf3 g6 3. Bf4 Bg7 4. e3 O-O 5. Be2 c5 6. Nc3 d5 7. Qd2 Nc6 8. Ne5
cxd4 9. exd4 Qb6 10. Nxc6 Qxc6 11. O-O Bd7 12. Rfe1 a6 13. a4 Rac8 14. a5 e6
15. Ra3 b5 16. axb6 Qxb6 17. Bxa6 Ra8 18. Be2 Rxa3 19. bxa3 Rc8 20. Rb1 Qa7 21.
Bd6 h5 22. Bb4 Qc7 23. Ba6 Ng4 24. g3 Ra8 25. Bb5 Bxb5 26. Nxb5 Qc4 27. Qd3 Qc6
28. Rb3 Nf6 29. Rc3 Qb6 30. f3 Nd7 31. Kg2 Rb8 32. a4 Qa6 33. Ra3 Nb6 34. Bd6
Ra8 35. Bc5 Nxa4 36. Nc7 Qxd3 37. cxd3 Rc8 38. Nxd5 exd5 39. Rxa4 Rb8 40. h4
Rb2+ 41. Kf1 Rd2 42. Ra8+ Kh7 43. Ra7 Kg8 44. Rd7 f5 45. Rxd5 Bf6 46. Rd6 Kf7
47. Rd7+ Ke6 48. Rd6+ Kf7 49. d5 Rxd3 50. Ke2 Rb3 51. Rb6 Rxb6 52. Bxb6 Be5 53.
f4 Bc3 54. Bf2 Ke8 55. Kd3 Ba5 56. Kc4 Kd7 57. Kc5 Bc3 58. d6 Bb2 59. Kd5 Bc3
60. Bd4 Bxd4 1/2-1/2

[Event "Xtracon Chess Open 2016"]
[Site "Elsinore"]
[Date "2016.07.29"]
[Round "8.11"]
[White "Goh, Wei Ming Kevin"]
[Black "Vorobiov, Evgeny E"]
[Result "1/2-1/2"]
[WhiteElo "2435"]
[BlackElo "2584"]
[PlyCount "35"]
[EventDate "2016.07.23"]

1. e4 c5 2. Nf3 e6 3. d4 cxd4 4. Nxd4 Nc6 5. Nc3 Qc7 6. Be3 a6 7. Qf3 b5 8.
Nxc6 Qxc6 9. Bd3 Ba3 10. bxa3 Qxc3+ 11. Ke2 Ne7 12. Qg3 O-O 13. Qd6 Nc6 14. f4
e5 15. f5 Re8 16. Kf2 Na5 17. Rhd1 Nc4 18. Qb4 1/2-1/2

[Event "Xtracon Chess Open 2016"]
[Site "Elsinore"]
[Date "2016.07.29"]
[Round "8.12"]
[White "Christiansen, Johan Sebastian"]
[Black "Gretarsson, Hjorvar Steinn"]
[Result "1-0"]
[WhiteElo "2411"]
[BlackElo "2550"]
[PlyCount "75"]
[EventDate "2016.07.23"]

1. Nf3 d5 2. c4 d4 3. b4 f6 4. e3 e5 5. c5 a5 6. Qa4+ Qd7 7. Bb5 c6 8. Bc4 Ne7
9. O-O Na6 10. Bb2 axb4 11. exd4 e4 12. Ne1 Nd5 13. Qc2 Qg4 14. a3 Be7 15. Qb3
Nac7 16. axb4 Rxa1 17. Bxa1 b5 18. cxb6 Nxb6 19. d3 exd3 20. Bxd3 Nbd5 21. h3
Qh5 22. b5 cxb5 23. Bxb5+ Nxb5 24. Qxb5+ Bd7 25. Qb7 Qf5 26. Nc3 Nxc3 27. Bxc3
Bb5 28. Nd3 Bxd3 29. Re1 Qd7 30. Qf3 Bg6 31. Bb4 O-O 32. Rxe7 Qxd4 33. Qb7 f5
34. Rc7 Qa1+ 35. Kh2 Qe5+ 36. g3 Qb2 37. Qd5+ Bf7 38. Qxf7+ 1-0

[Event "Xtracon Chess Open 2016"]
[Site "Elsinore"]
[Date "2016.07.29"]
[Round "8.13"]
[White "Haria, Ravi"]
[Black "Burmakin, Vladimir"]
[Result "0-1"]
[WhiteElo "2394"]
[BlackElo "2549"]
[PlyCount "210"]
[EventDate "2016.07.23"]

1. Nf3 d5 2. g3 Bf5 3. Bg2 c6 4. c4 e6 5. O-O Nf6 6. cxd5 exd5 7. d3 Be7 8. Qb3
Qb6 9. Qc2 Qc5 10. Nc3 O-O 11. Be3 Qa5 12. Bd2 Bg4 13. Ne5 Qb6 14. Nxg4 Nxg4
15. h3 Ne5 16. e4 dxe4 17. dxe4 Na6 18. Be3 Nb4 19. Qb3 Qa6 20. a3 Nbd3 21.
Rfd1 Bc5 22. Bxc5 Nxc5 23. Qc2 Rad8 24. Bf1 Qb6 25. Kg2 Qb3 26. Qe2 b6 27. Rab1
Rfe8 28. f4 Ng6 29. e5 Ne7 30. Qc4 Nf5 31. Qxb3 Nxb3 32. Rxd8 Rxd8 33. Re1 Rd2+
34. Re2 Rd3 35. Ne4 Nbd4 36. Rd2 Ne3+ 37. Kh1 Rxd2 38. Nxd2 Nd1 39. b3 Ne3 40.
Bd3 h6 41. Kh2 Kf8 42. g4 Nec2 43. Bxc2 Nxc2 44. a4 Ke7 45. Kg3 Ke6 46. h4 b5
47. h5 Nd4 48. Kf2 Kd5 49. Ke3 a6 50. Kd3 c5 51. axb5 axb5 52. Nf1 c4+ 53.
bxc4+ bxc4+ 54. Ke3 Ne6 55. Ng3 c3 56. Ne2 c2 57. Kd2 Ke4 58. f5 Nc5 59. f6
gxf6 60. exf6 Kf3 61. Nd4+ Kxg4 62. Kxc2 Kxh5 63. Kd2 Kg5 64. Ke3 Kxf6 65. Nf3
Kf5 66. Nd4+ Kg4 67. Nf3 Kg3 68. Nd4 Kg4 69. Nf3 f6 70. Nh2+ Kf5 71. Kf3 Ne4
72. Ng4 Nd2+ 73. Kg3 Kg5 74. Nf2 Nc4 75. Nh3+ Kg6 76. Kh4 Ne5 77. Nf4+ Kf5 78.
Nd5 Ng6+ 79. Kg3 Kg5 80. Nc7 Nf8 81. Ne8 f5 82. Nd6 h5 83. Nf7+ Kf6 84. Nd6 Ng6
85. Ne8+ Kg5 86. Nd6 h4+ 87. Kg2 Kg4 88. Nf7 Nf4+ 89. Kh2 Ne6 90. Ne5+ Kf4 91.
Ng6+ Kg5 92. Ne5 Kh5 93. Nd3 Ng5 94. Ne5 Kh6 95. Nd3 Ne6 96. Ne5 Kh5 97. Nf3
Ng5 98. Ne5 f4 99. Kg2 h3+ 100. Kh1 Kh4 101. Kh2 f3 102. Ng6+ Kg4 103. Ne5+ Kf4
104. Ng6+ Ke3 105. Ne5 f2 0-1

[Event "Xtracon Chess Open 2016"]
[Site "Elsinore"]
[Date "2016.07.29"]
[Round "8.14"]
[White "Aabling Thomsen, Jakob"]
[Black "Andersen, Mads"]
[Result "0-1"]
[WhiteElo "2344"]
[BlackElo "2525"]
[PlyCount "110"]
[EventDate "2016.07.23"]

1. Nf3 d5 2. g3 Bg4 3. Bg2 c6 4. c4 e6 5. O-O Nd7 6. cxd5 cxd5 7. Nc3 Ne7 8. d3
Nc6 9. h3 Bh5 10. e4 dxe4 11. dxe4 Bc5 12. g4 Bg6 13. Qe2 O-O 14. Rd1 Qe7 15.
Bf4 f6 16. Na4 Nde5 17. Nxc5 Qxc5 18. Nxe5 fxe5 19. Be3 Nd4 20. Bxd4 exd4 21.
Rac1 Qb6 22. Qc4 Rad8 23. Qb3 Qxb3 24. axb3 Rf7 25. Rc5 b6 26. Rc6 Re7 27. f4
e5 28. fxe5 Rxe5 29. Rc4 Bxe4 30. Re1 Rde8 31. Bf1 Bd5 32. Rxe5 Rxe5 33. Rxd4
Bxb3 34. Kf2 g5 35. Rd7 a5 36. Bd3 h6 37. Bf5 Bf7 38. Rd6 Rb5 39. Rd2 Rb3 40.
Bd3 b5 41. Ke1 a4 42. Kd1 b4 43. Bc2 Rxb2 44. Rd8+ Kg7 45. Bxa4 b3 46. Rd7 Kf6
47. Rd6+ Ke5 48. Rxh6 Rh2 49. Kc1 Kd4 50. Rf6 Bd5 51. Bxb3 Bxb3 52. Rf5 Bc4 53.
Kd1 Be2+ 54. Ke1 Bd3 55. Rf2 Rxh3 0-1

[Event "Xtracon Chess Open 2016"]
[Site "Elsinore"]
[Date "2016.07.29"]
[Round "8.15"]
[White "Lenaerts, Lennert"]
[Black "Marin, Mihail"]
[Result "0-1"]
[WhiteElo "2259"]
[BlackElo "2576"]
[PlyCount "84"]
[EventDate "2016.07.23"]

1. d4 d6 2. c4 e5 3. d5 Be7 4. Nc3 a5 5. h3 Bd7 6. Nf3 Na6 7. e4 Nf6 8. Bd3 O-O
9. Be3 Qb8 10. Qe2 c6 11. O-O Nb4 12. a3 Nxd3 13. Qxd3 a4 14. b3 axb3 15. Rfb1
c5 16. Rxb3 Ne8 17. Rab1 Bc8 18. R1b2 Qc7 19. Nd2 Qd8 20. f4 exf4 21. Bxf4 Bg5
22. Qe3 Bxf4 23. Qxf4 f6 24. Nf1 g6 25. Ne3 Ra6 26. Qh4 Qe7 27. Ng4 h5 28. Nh2
Ng7 29. Qg3 Kh7 30. Nf3 g5 31. Re2 h4 32. Qf2 Kg8 33. Re3 Nh5 34. Ne2 Ra4 35.
Nxh4 gxh4 36. Qxh4 Qh7 37. Rb6 Rxc4 38. Rxd6 Ng7 39. Qf4 Nf5 40. exf5 Rxf4 41.
Rg3+ Kh8 42. Nxf4 Bxf5 0-1

[Event "Xtracon Chess Open 2016"]
[Site "Elsinore"]
[Date "2016.07.29"]
[Round "8.16"]
[White "Svane, Rasmus"]
[Black "Matthiesen, Martin"]
[Result "1-0"]
[WhiteElo "2549"]
[BlackElo "2316"]
[PlyCount "91"]
[EventDate "2016.07.23"]

1. d4 d5 2. c4 c6 3. Nc3 dxc4 4. Nf3 Nf6 5. a4 Bf5 6. Ne5 Nbd7 7. Nxc4 Qc7 8.
g3 e5 9. dxe5 Nxe5 10. Bf4 Nfd7 11. a5 a6 12. Bg2 f6 13. Qc1 Be6 14. Nxe5 Nxe5
15. O-O Bd6 16. Ne4 O-O 17. Qc3 Rad8 18. Rad1 Rf7 19. Rxd6 Rxd6 20. Bxe5 fxe5
21. Qxe5 Rfd7 22. Bh3 Re7 23. Qxd6 Qxd6 24. Nxd6 Bxh3 25. Re1 Re5 26. b4 c5 27.
f4 Rd5 28. bxc5 Rxc5 29. Rb1 Rxa5 30. Rxb7 Kf8 31. Kf2 Ra2 32. Rf7+ Kg8 33. Re7
h6 34. Re8+ Kh7 35. Nf7 Kg6 36. Ne5+ Kf6 37. g4 h5 38. gxh5 Be6 39. Rf8+ Ke7
40. Ng6+ Kd6 41. f5 Bc4 42. Rd8+ Kc5 43. Nf4 Rb2 44. Ne6+ Kb4 45. Rb8+ Bb5 46.
Nd4 1-0

[Event "Xtracon Chess Open 2016"]
[Site "Elsinore"]
[Date "2016.07.29"]
[Round "8.17"]
[White "Schandorff, Lars"]
[Black "Fossan, Petter"]
[Result "1/2-1/2"]
[WhiteElo "2521"]
[BlackElo "2303"]
[PlyCount "95"]
[EventDate "2016.07.23"]

1. d4 Nf6 2. c4 g6 3. Nc3 Bg7 4. e4 d6 5. Be2 O-O 6. Be3 e5 7. d5 a5 8. g4 Na6
9. g5 Ne8 10. h4 f5 11. gxf6 Nxf6 12. h5 Qe8 13. hxg6 Qxg6 14. Bh5 Nxh5 15.
Qxh5 Bg4 16. Qxg6 hxg6 17. Kd2 Kf7 18. Nh3 Bxh3 19. Rxh3 Rh8 20. Rf3+ Ke7 21.
Rg1 Raf8 22. Rxf8 Kxf8 23. Rxg6 Kf7 24. Rg1 Rh4 25. a3 Bh6 26. Bxh6 Rxh6 27.
Ne2 Nc5 28. Ke3 a4 29. Ng3 Rh4 30. Rh1 Rxh1 31. Nxh1 Kf6 32. f3 Kg5 33. Ng3 Nb3
34. Ne2 Na5 35. Kd3 Nb3 36. Kc3 Nc5 37. Kc2 Nb3 38. Kd3 Na5 39. Nc3 Kf4 40.
Nxa4 Nb3 41. Kc3 Nd4 42. b4 Nxf3 43. Kd3 Ne1+ 44. Ke2 Nc2 45. Nc3 Nxa3 46. Kd3
b5 47. cxb5 Kf3 48. b6 1/2-1/2

[Event "Xtracon Chess Open 2016"]
[Site "Elsinore"]
[Date "2016.07.29"]
[Round "8.18"]
[White "Delorme, Axel"]
[Black "Bach, Matthias"]
[Result "1-0"]
[WhiteElo "2514"]
[BlackElo "2296"]
[PlyCount "107"]
[EventDate "2016.07.23"]

1. d4 Nf6 2. Nf3 e6 3. g3 d5 4. c4 c5 5. Bg2 Nc6 6. O-O Be7 7. cxd5 exd5 8.
dxc5 Bxc5 9. Qc2 Bb6 10. Nc3 h6 11. Na4 Bc7 12. a3 O-O 13. b4 Re8 14. Bb2 Ne5
15. Bxe5 Bxe5 16. Rad1 Qe7 17. Nxe5 Qxe5 18. e3 Bg4 19. Rd4 Rac8 20. Qd2 Rc4
21. Rxc4 dxc4 22. Bxb7 Ne4 23. Qd4 Qxd4 24. exd4 Nd6 25. Bc6 Re2 26. Rc1 Rd2
27. Nc3 Rxd4 28. f3 Be6 29. Rd1 Nf5 30. Kf2 Rxd1 31. Nxd1 Kf8 32. Be4 Nd4 33.
Nc3 f5 34. Bb1 a6 35. Ke3 Nb5 36. Nxb5 axb5 37. Kd4 Ke7 38. Kc5 Bd7 39. f4 g6
40. h4 h5 41. Bc2 Be8 42. Bd1 Bd7 43. Bf3 Be8 44. Kd4 Bd7 45. Bd5 Be6 46. Bc6
Bd7 47. Bb7 Kd6 48. Ba6 Ke7 49. Kc3 Kd6 50. a4 bxa4 51. Bxc4 Be8 52. Kb2 Kc6
53. Ka3 Kb6 54. Be2 1-0

[Event "Xtracon Chess Open 2016"]
[Site "Elsinore"]
[Date "2016.07.29"]
[Round "8.19"]
[White "Carlstedt, Jonathan"]
[Black "Haugli, Petter"]
[Result "1-0"]
[WhiteElo "2457"]
[BlackElo "2257"]
[PlyCount "73"]
[EventDate "2016.07.23"]

1. d4 Nf6 2. c4 c5 3. e3 g6 4. Nc3 Bg7 5. Nf3 O-O 6. Be2 cxd4 7. exd4 d5 8. O-O
Nc6 9. h3 b6 10. Ne5 Bb7 11. Bf3 Nxe5 12. dxe5 Nd7 13. e6 fxe6 14. cxd5 Bxc3
15. bxc3 Ne5 16. Be4 exd5 17. Bc2 Qd6 18. f4 Nc4 19. f5 e5 20. Bh6 Rf6 21. fxg6
Rxf1+ 22. Qxf1 hxg6 23. Rd1 Qe6 24. Qf2 e4 25. Qh4 Nd6 26. g4 Ba6 27. Be3 Nf7
28. Bb3 Ne5 29. Kg2 Bd3 30. Qg5 Re8 31. Bd4 Kg7 32. Rd2 b5 33. Rf2 e3 34. Qxe3
Be4+ 35. Qxe4 dxe4 36. Bxe6 Rxe6 37. Rf4 1-0